000 00854nam a22002417a 4500
999 _c574
_d574
003 AR-CdUCM
008 190222b ||||| |||| 00| 0 eng d
020 _a
040 _aMUNICIPALIDAD PROVINCIAL DEL CUSCO
_cBIBLIOTECA MUNICIPAL DEL CUSCO
082 _a920.985 /
_bL42
100 _aLeiva Viacava, Lourdes
_92234
245 _aNicolás de Piérola /
_bLourdes Leiva Viacava
260 _aLima :
_bBrasa ,
_c1993.
300 _a124 páginas
_c21 cm.
440 _aForjadores del Perú;
_n31
_92235
505 _aContenido: Nacimiento e infancia -- revolucionario y caudillo -- La guerra con Chile -- El partido demócrata -- presidente constitucional ...
650 _aPerú
_935
650 _aPresidentes del Perú
_92236
650 _aGuerra del Pacífico
_92237
650 _aBiografía
_922
942 _2ddc
_cLIBROS
945 _arap
_d2019-02-25